000 00568nmm a2200181Ia 4500
008 251105s9999||||xx |||||||||||||||||und||
020 _a9788415578048
041 _aspa
100 _aSan Basilio, Fernando
245 0 _aEl joven vendedor y el estilo de vida fluido
264 _a[Madrid, España] :
_bImpedimenta,
_c[Fecha de publicación no identificada]
300 _a168 páginas
650 _aSpanish narrative
700 _aSan Basilio, Fernando
700 1 _a Cebrián, Mercedes
856 _uhttps://public.digitaliapublishing.com/a/87191
942 _cCF
999 _c71031
_d71031